[Event "GER-ch U25-A"]
[Site "Willingen"]
[Date "2023.06.03"]
[Round "9"]
[White "Bold, Andre"]
[Black "Koll, Linus"]
[Result "1/2-1/2"]
[WhiteElo "2194"]
[BlackElo "2084"]
[PlyCount "76"]
[EventDate "2023.05.27"]
[EventType "swiss"]
[EventRounds "9"]
[EventCountry "GER"]
[SourceTitle "CBM 214 Extra"]
[Source "ChessBase"]
[SourceDate "2023.07.31"]
[SourceVersion "1"]
[SourceVersionDate "2023.07.31"]
[SourceQuality "1"]

1. d4 Nf6 2. Nf3 d5 3. c4 c6 4. Nc3 e6 5. cxd5 exd5 6. Bg5 Be7 7. Qc2 0-0 8. e3 Ne4 9. Nxe4 dxe4 10. Bxe7 Qxe7 11. Nd2 f5 12. Bc4+ Kh8 13. h4 Nd7 14. Nb3 Nb6 15. a3 Nxc4 16. Qxc4 Be6 17. Qc5 Qf7 18. Nd2 Bd5 19. g3 b6 20. Qc3 Qh5 21. Nc4 f4 22. gxf4 g5 23. Ne5 gxf4 24. Kd2 fxe3+ 25. Qxe3 Qf5 26. Raf1 c5 27. Kc1 Rae8 28. Rhg1 cxd4 29. Ng6+ Qxg6 30. Qxd4+ Qf6 31. Qxd5 Re5 32. Qb3 Rf5 33. Rg3 Qxh4 34. Rfg1 Qd8 35. Qc3+ Qf6 36. Qb3 Qd8 37. Qc3+ Qf6 38. Qb3 Qd8 1/2-1/2

[Event "GER-chT U20"]
[Site "Muenster"]
[Date "2022.12.29"]
[Round "5"]
[White "Koll, Linus"]
[Black "Schubert, Nikita"]
[Result "1-0"]
[WhiteElo "2058"]
[BlackElo "1939"]
[PlyCount "165"]
[EventDate "2022.12.26"]
[EventType "team-swiss"]
[EventRounds "7"]
[EventCountry "GER"]
[SourceTitle "CBM 212 Extra"]
[Source "ChessBase"]
[SourceDate "2023.03.31"]
[SourceVersion "1"]
[SourceVersionDate "2023.03.31"]
[SourceQuality "1"]
[WhiteTeam "Karlsruhe"]
[BlackTeam "Gera"]
[WhiteTeamCountry "GER"]
[BlackTeamCountry "GER"]

1. e4 e5 2. Nf3 Nc6 3. Bc4 Bc5 4. Nc3 Nf6 5. d3 d6 6. a4 Be6 7. Nd5 a6 8. c3 Ba7 9. Bg5 h6 10. Nxf6+ gxf6 11. Bh4 Qe7 12. Nd2 Rg8 13. Qf3 Rg6 14. h3 0-0-0 15. b4 Nb8 16. b5 a5 17. Bxe6+ fxe6 18. Nc4 Bb6 19. Nxb6+ cxb6 20. 0-0 Rdg8 21. g3 Nd7 22. Qe3 Qg7 23. Kh2 f5 24. f4 fxe4 25. dxe4 exf4 26. Rxf4 Nc5 27. Raf1 Kb8 28. Rf7 Qe5 29. R1f4 Nxa4 30. c4 Qb2+ 31. Rf2 Qc3 32. Qxc3 Nxc3 33. e5 dxe5 34. Bf6 Ne4 35. Bxe5+ Kc8 36. Rc7+ Kd8 37. Rff7 Nc5 38. Bd6 Rg5 39. Bxc5 Rxc5 40. Rxc5 bxc5 41. Rxb7 Rg5 42. b6 Re5 43. Ra7 Re2+ 44. Kg1 Rb2 45. Rxa5 Rxb6 46. Rxc5 Ke7 47. Rh5 Rb3 48. Kf2 Rc3 49. c5 Kf7 50. Rxh6 Rxc5 51. h4 Re5 52. Rh7+ Kg6 53. Rh8 Ra5 54. Kf3 Ra3+ 55. Kg4 Ra4+ 56. Kh3 Ra5 57. Rg8+ Kf7 58. Rb8 Kg6 59. Rb4 Rc5 60. Kg4 Ra5 61. Re4 Kf6 62. Kf3 Rb5 63. g4 e5 64. Re3 Ra5 65. Rb3 Ra6 66. Kg3 Kg6 67. Rf3 Ra1 68. h5+ Kh7 69. Re3 Ra5 70. Kh4 Kg7 71. Kg5 Kh7 72. Re4 Rb5 73. Kf5 Rb6 74. Rxe5 Rb7 75. g5 Ra7 76. Kf6 Ra6+ 77. Re6 Ra8 78. Re7+ Kg8 79. g6 Rb8 80. h6 Ra8 81. Rd7 Kh8 82. Ke7 Rf8 83. g7+ 1-0

[Event "GER-chT U20"]
[Site "Muenster"]
[Date "2022.12.29"]
[Round "6"]
[White "Schneider, Jana"]
[Black "Koll, Linus"]
[Result "1-0"]
[WhiteElo "2272"]
[BlackElo "2058"]
[PlyCount "83"]
[EventDate "2022.12.26"]
[EventType "team-swiss"]
[EventRounds "7"]
[EventCountry "GER"]
[SourceTitle "CBM 212 Extra"]
[Source "ChessBase"]
[SourceDate "2023.03.31"]
[SourceVersion "1"]
[SourceVersionDate "2023.03.31"]
[SourceQuality "1"]
[WhiteTeam "Regensburg Bavaria"]
[BlackTeam "Karlsruhe"]
[WhiteTeamCountry "GER"]
[BlackTeamCountry "GER"]

1. e4 c5 2. Nf3 d6 3. d4 cxd4 4. Nxd4 Nf6 5. Nc3 g6 6. Be3 Bg7 7. f3 0-0 8. Qd2 Nc6 9. 0-0-0 Nxd4 10. Bxd4 Be6 11. g4 Qa5 12. g5 Nh5 13. Bxg7 Nxg7 14. Kb1 Rfc8 15. h4 a6 16. Bh3 Rc4 17. Nd5 Qxd2 18. Rxd2 Bxd5 19. Rxd5 Ne6 20. Rd2 Nf4 21. Bg4 h5 22. gxh6 Kh7 23. h5 g5 24. e5 d5 25. e6 fxe6 26. Re1 Rc6 27. c4 Kxh6 28. cxd5 Rd6 29. Rc2 Rad8 30. dxe6 Rd1+ 31. Rc1 Rxe1 32. Rxe1 Rd2 33. Kc1 Rxb2 34. Kxb2 Nd3+ 35. Kc3 Nxe1 36. Kb4 Nd3+ 37. Ka5 Nc1 38. a3 Nb3+ 39. Kb6 a5 40. Kxb7 Nd4 41. Kb6 a4 42. Ka5 1-0

[Event "GER-chT Christmas U16 Lasker"]
[Site "Playchess.com INT"]
[Date "2020.12.28"]
[Round "2.1"]
[White "Koll, Linus"]
[Black "Hommer, Jeremy"]
[Result "0-1"]
[WhiteElo "1963"]
[BlackElo "2180"]
[PlyCount "140"]
[EventDate "2020.12.28"]
[EventType "team-swiss (blitz)"]
[EventRounds "7"]
[EventCountry "GER"]
[SourceTitle "CBM 200 Extra"]
[Source "ChessBase"]
[SourceDate "2021.03.31"]
[SourceVersion "1"]
[SourceVersionDate "2021.03.31"]
[SourceQuality "1"]
[WhiteTeam "Karlsruhe"]
[BlackTeam "Lueneburg Turm"]
[WhiteTeamCountry "GER"]
[BlackTeamCountry "GER"]

1. e4 e6 2. d4 d5 3. exd5 exd5 4. Nf3 Bd6 5. c4 Nf6 6. c5 Be7 7. Bd3 0-0 8. 0-0 Bg4 9. Nbd2 b6 10. Qc2 bxc5 11. dxc5 c6 12. b4 Nbd7 13. Bb2 Bh5 14. Ne5 Nxe5 15. Bxe5 Bg6 16. f4 Bxd3 17. Qxd3 Ne8 18. f5 Bf6 19. Qd4 Bxe5 20. Qxe5 Nf6 21. Qd4 Re8 22. a4 Qd7 23. Ra3 Ne4 24. Nxe4 Rxe4 25. Qd2 f6 26. Re3 Rae8 27. Rxe4 Rxe4 28. b5 Rxa4 29. b6 Qe7 30. Kh1 Qxc5 31. b7 Rb4 32. Rc1 Qd6 33. Qe2 Rxb7 34. Qe8+ Qf8 35. Qxc6 Rb8 36. h3 Rd8 37. Qe6+ Qf7 38. Qe3 d4 39. Qd3 Qd5 40. Kh2 Kh8 41. Rb1 h5 42. Rb5 Qd6+ 43. Kh1 Qf4 44. Qe2 Qg5 45. Rb3 Kh7 46. Rd3 Kh6 47. Rf3 Rd5 48. h4 Qg4 49. Kh2 Rxf5 50. Qd2+ g5 51. hxg5+ Qxg5 52. Qxd4 Rxf3 53. gxf3 Qe5+ 54. Qxe5 fxe5 55. Kg3 Kg5 56. Kf2 Kf4 57. Ke2 e4 58. fxe4 Kxe4 59. Kd2 a5 60. Kc2 h4 61. Kb3 h3 62. Ka4 h2 63. Kxa5 h1Q 64. Kb4 Qc1 65. Kb3 Kd4 66. Kb4 Qc4+ 67. Ka3 Qb5 68. Ka2 Qb4 69. Ka1 Kc3 70. Ka2 Qb2# 0-1

[Event "GER Pfingstopen U16"]
[Site "Playchess.com INT"]
[Date "2020.06.05"]
[Round "8"]
[White "Koll, Linus"]
[Black "Gallasch, Jonas"]
[Result "0-1"]
[WhiteElo "1849"]
[BlackElo "2013"]
[PlyCount "70"]
[EventDate "2020.06.05"]
[EventType "swiss (blitz)"]
[EventRounds "11"]
[EventCountry "GER"]
[SourceTitle "CBM 197 Extra"]
[Source "ChessBase"]
[SourceDate "2020.09.30"]
[SourceVersion "1"]
[SourceVersionDate "2020.09.30"]
[SourceQuality "1"]

1. e4 c6 2. d4 d5 3. exd5 cxd5 4. Bd3 Nc6 5. c3 Qc7 6. h3 g6 7. Ne2 Bf5 8. 0-0 Nf6 9. Qc2 Bxd3 10. Qxd3 Bg7 11. Nd2 0-0 12. Nf3 Ne4 13. Bf4 Qb6 14. b3 Rac8 15. Ng3 Nxc3 16. Qxc3 Nxd4 17. Qd3 Nxf3+ 18. Qxf3 Bxa1 19. Rxa1 Qf6 20. Rd1 e5 21. Bh6 Qxf3 22. gxf3 Rfd8 23. Bg5 Re8 24. Rxd5 f5 25. Rd7 Rc2 26. Rxb7 Rxa2 27. Bf6 Re6 28. Bg5 Rb6 29. Re7 Rxb3 30. Rxe5 Rxf3 31. Kg2 Rfxf2+ 32. Kg1 Rg2+ 33. Kh1 Rxg3 34. Bh6 Rxh3+ 35. Kg1 Rxh6 0-1

[Event "GER Pfingstopen U16"]
[Site "Playchess.com INT"]
[Date "2020.06.05"]
[Round "6"]
[White "Popist, Florian"]
[Black "Koll, Linus"]
[Result "0-1"]
[WhiteElo "1547"]
[BlackElo "1772"]
[PlyCount "62"]
[EventDate "2020.06.05"]
[EventType "swiss (blitz)"]
[EventRounds "11"]
[EventCountry "GER"]
[SourceTitle "CBM 197 Extra"]
[Source "ChessBase"]
[SourceDate "2020.09.30"]
[SourceVersion "1"]
[SourceVersionDate "2020.09.30"]
[SourceQuality "1"]

1. e4 c5 2. Nc3 d6 3. f4 g6 4. Nf3 Bg7 5. Bc4 e6 6. d4 cxd4 7. Nxd4 Nc6 8. Ndb5 Bf8 9. 0-0 a6 10. Nd4 Bg7 11. Be3 Nge7 12. f5 exf5 13. exf5 Nxf5 14. Nxf5 Bxf5 15. Bxf7+ Kxf7 16. g4 Qe7 17. Nd5 Qe4 18. gxf5 Rhf8 19. fxg6+ Kg8 20. gxh7+ Kh8 21. Qd3 Qg4+ 22. Kh1 Ne5 23. Qd2 Nf3 24. Qg2 Qe4 25. Rad1 Rac8 26. Bg5 Rxc2 27. Nc3 Qg6 28. Qxf3 Rxf3 29. Rxf3 Qxg5 30. Rg1 Qh5 31. Rfg3 Qxh2# 0-1

[Event "GER Pfingstopen U25"]
[Site "Playchess.com INT"]
[Date "2020.06.02"]
[Round "2"]
[White "Dauner, Benedikt"]
[Black "Koll, Linus"]
[Result "1-0"]
[WhiteElo "2053"]
[BlackElo "1620"]
[PlyCount "95"]
[EventDate "2020.06.02"]
[EventType "swiss (blitz)"]
[EventRounds "11"]
[EventCountry "GER"]
[SourceTitle "CBM 197 Extra"]
[Source "ChessBase"]
[SourceDate "2020.09.30"]
[SourceVersion "1"]
[SourceVersionDate "2020.09.30"]
[SourceQuality "1"]

1. d4 Nf6 2. Bf4 g6 3. Nc3 d5 4. e3 Bg7 5. h4 h5 6. Nf3 0-0 7. Ne5 c5 8. Be2 Nc6 9. Qd2 cxd4 10. exd4 Ne4 11. Nxe4 dxe4 12. 0-0-0 Nxe5 13. Bxe5 Bxe5 14. dxe5 Qxd2+ 15. Rxd2 Be6 16. b3 Rfb8 17. Rd4 Rc8 18. Rxe4 Bd5 19. Rd4 Bxg2 20. Rg1 Bc6 21. e6 Kf8 22. exf7 Kxf7 23. Rf4+ Kg7 24. Bxh5 Be8 25. Be2 e5 26. Rfg4 Rc6 27. Bd3 Rd8 28. Kb2 Rf6 29. R1g2 Kh6 30. Rg5 Rd5 31. h5 Rdd6 32. hxg6 Bxg6 33. Bxg6 Rxg6 34. Rxg6+ Rxg6 35. Rxg6+ Kxg6 36. Kc3 Kf5 37. Kd3 Kf4 38. Ke2 b5 39. c3 a5 40. f3 e4 41. fxe4 Kxe4 42. Kd2 a4 43. bxa4 bxa4 44. a3 Kd5 45. Kd3 Kc5 46. c4 Kd6 47. Kc3 Kc6 48. Kb4 1-0

[Event "GER-chT U16"]
[Site "Magdeburg"]
[Date "2019.12.29"]
[Round "5.6"]
[White "Koll, Linus"]
[Black "Brockhoff, Moritz"]
[Result "1-0"]
[WhiteElo "1987"]
[BlackElo "2014"]
[PlyCount "73"]
[EventDate "2019.12.27"]
[EventType "team-swiss"]
[EventRounds "7"]
[EventCountry "GER"]
[SourceTitle "CBM 194 Extra"]
[Source "ChessBase"]
[SourceDate "2020.03.31"]
[SourceVersion "1"]
[SourceVersionDate "2020.03.31"]
[SourceQuality "1"]
[WhiteTeam "Karlsruhe SF"]
[BlackTeam "Paderborn Blauer Springer"]
[WhiteTeamCountry "GER"]
[BlackTeamCountry "GER"]

1. e4 d6 2. d4 Nf6 3. Nc3 g6 4. f4 Bg7 5. Nf3 c5 6. Bb5+ Bd7 7. e5 Ng4 8. Bxd7+ Qxd7 9. h3 Nh6 10. dxc5 dxc5 11. 0-0 Nf5 12. Ne4 Qc6 13. Re1 Na6 14. c3 h5 15. Qe2 Rd8 16. Qf2 h4 17. Neg5 e6 18. Be3 b6 19. Rad1 Rxd1 20. Rxd1 Nc7 21. c4 Na6 22. Qd2 0-0 23. Bf2 Bh6 24. Qd7 Nb4 25. Qxa7 Bxg5 26. Nxg5 Nc2 27. Qd7 Qa8 28. Qd2 Ncd4 29. Bxd4 Nxd4 30. Qf2 Nf5 31. b3 Rd8 32. Qe1 Rxd1 33. Qxd1 Qxg2+ 34. Kxg2 Ne3+ 35. Kf3 Nxd1 36. Ne4 Nb2 37. Ke2 1-0

[Event "GER-chT U14"]
[Site "Magdeburg"]
[Date "2018.12.30"]
[Round "7.1"]
[White "Koll, Linus"]
[Black "Weihrauch, Jakob"]
[Result "1/2-1/2"]
[WhiteElo "2018"]
[BlackElo "2087"]
[PlyCount "125"]
[EventDate "2018.12.27"]
[EventType "team-swiss"]
[EventRounds "7"]
[EventCountry "GER"]
[SourceTitle "CBM 188 Extra"]
[Source "ChessBase"]
[SourceDate "2019.02.26"]
[SourceVersion "1"]
[SourceVersionDate "2019.02.26"]
[SourceQuality "1"]
[WhiteTeam "Karlsruhe SF"]
[BlackTeam "Hamburger SK"]
[WhiteTeamCountry "GER"]
[BlackTeamCountry "GER"]

1. e4 e5 2. Nf3 Nc6 3. Bc4 Bc5 4. c3 Nf6 5. d3 0-0 6. 0-0 d5 7. exd5 Nxd5 8. Nbd2 Nb6 9. Ne4 Nxc4 10. Nxc5 Nd6 11. Ne1 b6 12. Qa4 Qe8 13. Ne4 f5 14. Nxd6 cxd6 15. f4 Kh8 16. Nc2 Bd7 17. Qa3 Rf6 18. Nb4 Nxb4 19. Qxb4 Bc6 20. Rf2 Rg6 21. Bd2 Bb7 22. Re1 Qc6 23. Ree2 b5 24. c4 bxc4 25. Qxc4 Qd7 26. d4 Rc8 27. Qd3 e4 28. Qb1 Ba6 29. Re1 Bd3 30. Qd1 Qf7 31. a3 Qd5 32. Bc3 Qb5 33. Qd2 d5 34. Re3 Rgc6 35. h3 h6 36. Kh2 Rf6 37. Rg3 Kh7 38. h4 Rg6 39. Rxg6 Kxg6 40. Qe3 Kh7 41. Qh3 Re8 42. Qxf5+ Kh8 43. Rd2 Bf1 44. a4 Qxa4 45. Qh5 Qb5 46. Rc2 e3 47. Be1 Qb8 48. Qf3 Bc4 49. Bg3 Qb3 50. Qh5 Re4 51. Rc1 Qxb2 52. Re1 Qxd4 53. f5 Qf6 54. Rb1 e2 55. Be1 Kh7 56. g4 Qd6+ 57. Bg3 e1Q 58. Rxe1 Qe7 59. Qg6+ Kh8 60. Rb1 Bb3 61. Rxb3 Rb4 62. Rxb4 Qxb4 63. Qe8+ 1/2-1/2